Manuel du voyageur à Rome (Record no. 158654)

MARC details
000 -LEADER
campo de control de longitud fija 00740nam a22001695i 4500
001 - NÚMERO DE CONTROL
campo de control 158654
003 - IDENTIFICADOR DE NÚMERO DE CONTROL
campo de control ES-MaACL
005 - FECHA Y HORA DE LA ÚLTIMA TRANSACCIÓN
campo de control 20230906211246.0
008 - DATOS DE LONGITUD FIJA--INFORMACIÓN GENERAL
campo de control de longitud fija 040901s1849 it a |||| | fre d
040 ## - FUENTE DE CATALOGACIÓN
Centro catalogador/agencia de origen CAM
Lengua de catalogación spa
Centro/agencia transcriptor CAM
245 00 - MENCIÓN DEL TÍTULO
Título Manuel du voyageur à Rome
Resto del título : avec l'indicateur des fêtes : suivi du tableau synoptique des empereurs tant paiens que chretiens des rois de France et des Papes.
260 ## - PUBLICACIÓN, DISTRIBUCIÓN, ETC.
Lugar de publicación, distribución, etc. Rome :
Nombre del editor, distribuidor, etc. Joseph Spithöver libraire,
Fecha de publicación, distribución, etc. 1849 (
Fabricante A. Bourliè)
300 ## - DESCRIPCIÓN FÍSICA
Extensión 290 p., [1] h. de lám. ;
Dimensiones 13 cm.
599 ## - NOTA A LAS ILUSTRACIONES
NOTA A LAS ILUSTRACIONES La h. de lám. grab. vista de la Plaza de San Pedro: "Valenti inc."
651 #4 - PUNTO DE ACCESO ADICIONAL DE MATERIA--NOMBRE GEOGRÁFICO
Nombre geográfico Roma-
Subdivisión general Descripción.
9 (RLIN) 137340
852 ## - LOCALIZACIÓN
Ubicación ES-MaACL
Número de control de estantería Z-250
Encuadernación Olim: G-867
Nota libre -- Enc. hol.
-- -- Legado M. de la Fuente
Holdings
Estatus retirado Estado de pérdida Estado de daño No para préstamo Colección Biblioteca de origen Biblioteca actual Ubicación en estantería Fecha de adquisición Total de préstamos Signatura topográfica completa Código de barras Visto por última vez Precio de reemplazo Tipo de ítem Koha
        Libros del s. XIX Biblioteca del Ateneo de Madrid Biblioteca del Ateneo de Madrid Depósito Z 17/01/2008   Z-250 1166061 23/02/2023 23/02/2023 Libro impreso antiguo